Študenti a študentský život na prešovskom Evanjelickom kolegiálnom gymnáziu v období dualizmu

Bibliographic Details
Main Author: Kónyová, Annamária, 1982- (Author)
Format: Article
Language:Slovak
ISBN:9788080689926
Subjects:

MARC

LEADER 00000nab a2200000 a 4500
001 vtls010063349
003 SK-MaSNL
005 20260304182637.0
008 100210c2009 xo r m 000 00slo
015 |a SNBRA2010/02SVKPO 
038 |a SVKPO 
040 |a SVKPOCL  |c slo  |e AACR2 
041 0 |a slo 
044 |a xo  |c SK 
080 |a 371(091)(437.6):2  |2 2001 
080 |a 371.8  |2 2001 
080 |a 37.011.3-052  |2 2001 
080 |a 373.54(437.671.117.176)  |2 2001 
100 1 |a Kónyová, Annamária,  |d 1982-  |4 aut  |9 167487 
245 1 0 |a Študenti a študentský život na prešovskom Evanjelickom kolegiálnom gymnáziu v období dualizmu  |c Annamária Kónyová 
504 |a Bibliogr. odkazy 
546 |a Res. nem. 
610 2 7 |a Evanjelické kolegiálne gymnázium v Prešove  |2 svkpocl  |9 113277 
650 0 7 |a dejiny školstva  |2 svkpocl  |9 71224 
650 0 7 |a študenti  |2 svkpocl  |9 3979 
650 0 7 |a študentský život  |2 svkpocl  |9 71687 
650 0 7 |a cirkevné školstvo  |2 svkpocl  |9 68147 
651 7 |a Prešov (Slovensko)  |2 svkpocl  |9 17347 
651 7 |a Slovensko  |x dejiny  |2 svkpocl  |9 13278 
773 0 |t "Nezameniteľné je dedičstvo otcov..." : štúdie k dejinám a súčasnosti protestantizmu v strednej Európe k osemdesiatym narodeninám biskupa Jána Midriaka / zostavil Peter Kónya  |d Prešov : Vydavateľstvo Prešovskej univerzity, 2009  |g S. 324-341  |z 9788080689926 
852 |a SVKPO  |b KIS3GCP 
958 |a SK 
958 |a NB 
958 |a NT 
999 |c 3030470  |d 3032400